00261nam a2200085Ia 4500008004100000100001800041245006900059260003000128999001700158170817s9999 xx 000 0 und d aSinha.Manjari 0aVikasomukh Bhartiya Samaj Mein Shiksha Tatha Shishak Ka Bhoomika bVinod Pustak Mandir Agara c39602d39602